Aliments commençant par H - Statistiques

Statistiques générales
  • Ce quiz a été pris 2 842 fois
  • Le résultat moyen est 11 sur 16
Statistiques - réponses
Par images Hint Réponse % Correct
Hot Dog
99%
Hamburger
98%
Huître
98%
Huile
97%
Menu pour enfant chez Macdo Happy Meal
94%
Homard
92%
Haricot vert
82%
Hachis Parmentier
79%
Houmous
75%
Harissa
66%
Hareng
61%
Plante pour des thés Hibiscus
61%
Boisson fermentée faite d'eau et de miel Hydromel
33%
Plat typique écossais Haggis
22%
Haricot mungo
8%
Halva
7%
Aucun quiz correspondant
Distribution des résultats
% des personnes avec chaque résultat
Percentile par nombre de réponses
Votre historique - résultats
Vous n’avez pas pris ce quiz